Top 14 saison 2025/2026 - Statistiques

Statistiques générales
  • Ce quiz a été pris 113 fois
  • Le résultat moyen est 11 sur 14
Statistiques - réponses
Réponse % Correct
Stade Toulousain
96%
Stade Français
89%
Racing 92
88%
RC Toulon
88%
Union Bordeaux Bègles
85%
USA Perpignan
79%
US Montauban
79%
Section Paloise
78%
ASM Clermont
77%
Aviron Bayonnais
75%
Stade Rochelais
75%
Castres Olympique
60%
Montpellier Hérault Rugby
52%
LOU Rugby
44%
Aucun quiz correspondant
Distribution des résultats
% des personnes avec chaque résultat
Percentile par nombre de réponses
Votre historique - résultats
Vous n’avez pas pris ce quiz